00292nam a2200097Ia 4500008004100000082001500041100002400056245007400080260002000154600002000174241002s9999 xx 000 0 und d a307.14 ASH aAshford, Douglas E. 0aNational Development & Local Reform Political Participation in Moraco aNew York:c1967 aSocial Sciences